Odpady Úplné znenie zákonov a súvisiacich predpisov s komentárom
Gespeichert in:
| Format: | Buch |
|---|---|
| Sprache: | Slowakisch |
| Veröffentlicht: |
Bratislava
ŠEVT
1994
|
| Ausgabe: | 1. vyd. |
| Schriftenreihe: | Komentované zákony v životnom prostredí
|
| Schlagworte: | |
| Tags: |
Keine Tags, Fügen Sie das erste Tag hinzu!
|
MARC
| LEADER | 00000nam a2200000 4500 | ||
|---|---|---|---|
| 001 | c005654 | ||
| 005 | 20221128073515.1 | ||
| 020 | |a 80-88707-09-9 | ||
| 041 | 0 | |a slo | |
| 044 | |a SK | ||
| 245 | 1 | 0 | |a Odpady |b Úplné znenie zákonov a súvisiacich predpisov s komentárom |
| 250 | |a 1. vyd. | ||
| 264 | 1 | |a Bratislava |b ŠEVT |c 1994 | |
| 300 | |a 263 s. | ||
| 490 | 1 | |a Komentované zákony v životnom prostredí | |
| 830 | 0 | |a Komentované zákony v životnom prostredí | |
| 610 | 2 | 0 | |a zákony |
| 610 | 2 | 0 | |a predpisy |
| 610 | 2 | 0 | |a prostredie životné |
| 610 | 2 | 0 | |a odpad |
| 610 | 2 | 0 | |a správa štátna |
| 610 | 2 | 0 | |a poplatky |
| 610 | 2 | 0 | |a katalógy |
| 610 | 2 | 0 | |a skládky odpadu |
| 610 | 2 | 0 | |a ČSFR |
| 610 | 2 | 0 | |a 1991 |